[Event "Syre Memorial op 35th"]
[Site "Issy les Moulineaux"]
[Date "2012.05.17"]
[Round "1"]
[White "Flom, Gabriel"]
[Black "Tetchi, Franck"]
[Result "1-0"]
[WhiteElo "2412"]
[BlackElo "2016"]
[PlyCount "87"]
[EventDate "2012.05.17"]
[EventType "swiss"]
[EventRounds "6"]
[EventCountry "FRA"]
[SourceTitle "EXT 2015"]
[Source "ChessBase"]
[SourceDate "2014.11.20"]
[SourceVersion "1"]
[SourceVersionDate "2014.11.20"]
[SourceQuality "1"]

1. e4 c5 2. d4 cxd4 3. c3 dxc3 4. Nxc3 Nc6 5. Nf3 d6 6. Bc4 a6 7. 0-0 Nf6 8. Bg5 e6 9. Qe2 Be7 10. Rad1 Bd7 11. Bxf6 gxf6 12. Nd4 b5 13. Bb3 b4 14. Nxc6 Bxc6 15. Nb1 Qa5 16. f4 f5 17. Qh5 Qc5+ 18. Kh1 fxe4 19. f5 Rg8 20. Bxe6 Rg7 21. Rc1 e3 22. Bxf7+ Kd7 23. Be6+ Kd8 24. Qe2 Qb5 25. Bc4 Qe5 26. Rg1 d5 27. Bd3 Bd6 28. Qh5 Bb7 29. Qh4+ Be7 30. Qh6 Bd6 31. f6 Rf7 32. Rgf1 Rc8 33. Rce1 d4 34. Qh4 Qd5 35. Qg4 Qe5 36. Qg8+ Rf8 37. Qxh7 Rc7 38. Qh4 Rcf7 39. Rf5 Qe6 40. Qxd4 Rxf6 41. Qb6+ Kc8 42. Rc1+ Kb8 43. Bxa6 R8f7 44. Bxb7 1-0

[Event "Syre Memorial op 32nd"]
[Site "Issy les Moulineaux"]
[Date "2009.05.21"]
[Round "1"]
[White "Tetchi, Franck"]
[Black "Picard, Romain"]
[Result "1/2-1/2"]
[WhiteElo "2036"]
[BlackElo "2339"]
[PlyCount "67"]
[EventDate "2009.05.21"]
[EventType "swiss"]
[EventRounds "6"]
[EventCountry "FRA"]
[SourceTitle "EXT 2010"]
[Source "ChessBase"]
[SourceDate "2010.11.25"]
[SourceVersion "1"]
[SourceVersionDate "2010.11.25"]
[SourceQuality "1"]

1. e4 e5 2. Nf3 d6 3. Bc4 Nf6 4. Nc3 Be7 5. d4 exd4 6. Nxd4 0-0 7. 0-0 Re8 8. Bg5 c6 9. Qd2 Bf8 10. Rfe1 Nbd7 11. f4 b5 12. Bd3 Qb6 13. Kh1 h6 14. Bxf6 Nxf6 15. e5 Nh7 16. Nxc6 Bb7 17. Nd4 dxe5 18. fxe5 b4 19. Ncb5 a6 20. Nd6 Bxd6 21. exd6 Qxd6 22. Nf5 Rxe1+ 23. Rxe1 Qc5 24. Qf4 Kh8 25. Nxh6 gxh6 26. Qxf7 Bxg2+ 27. Kxg2 Rg8+ 28. Kh1 Nf8 29. Qf6+ Rg7 30. Qxh6+ Kg8 31. b3 Qd5+ 32. Be4 Qd4 33. Bd3 Qd5+ 34. Be4 1/2-1/2

[Event "AJEC Gr01 email"]
[Site "France"]
[Date "2000.??.??"]
[Round "?"]
[White "Thimognier, Dominique"]
[Black "Tetchi, Franck"]
[Result "1-0"]
[WhiteElo "2406"]
[BlackElo "1850"]
[PlyCount "31"]
[EventDate "2000.03.20"]
[EventType "tourn (corr)"]
[EventRounds "10"]
[EventCountry "FRA"]
[SourceTitle "Corr 2004"]
[Source "ChessBase"]
[SourceDate "2003.04.28"]
[SourceVersion "3"]
[SourceVersionDate "2003.04.28"]
[SourceQuality "1"]

1. Nf3 d5 2. g3 c5 3. Bg2 e6 4. 0-0 Nc6 5. d3 Bd6 6. Nbd2 Nge7 7. e4 0-0 8. Re1 Qc7 9. Qe2 f6 10. c3 Bd7 11. a3 Rac8 12. b4 b5 13. exd5 exd5 14. bxc5 Bxc5 15. c4 d4 16. a4 1-0